[Event "Let's Play Chess!"]
[Site "http://www.queenalice.com/game.php?id=524707"]
[Date "2009.1.19"]
[Round "-"]
[White "Olar"]
[Black "filomenos"]
[Result "0-1"]
[WhiteElo "1852"]
[BlackElo "1937"]

1. e4 e5 2. Nf3 d6 3. d4 f6 4. dxe5 fxe5 5. Nxe5 dxe5 6. Qh5+ Ke7 7. Qxe5+ Be6
8. Bc4 Qd6 9. Qg5+ Nf6 10. e5 Qb4+ 11. Nc3 Qxc4 12. exf6+ gxf6 13. Qe3 Bg7 14.
Bd2 Nc6 15. O-O-O Rad8 16. Rhe1 a6 17. Qg3 Rhg8 18. Qxc7+ Rd7 19. Qg3 Kf7 20.
Re4 Qc5 21. Qf4 Rgd8 22. Rde1 Bf5 23. Kb1 Bxe4 24. Nxe4 Qd5 25. Bc1 Re7 26. f3
Re5 27. h4 Rde8 28. b3 Rf5 29. Qc7+ Re7 30. Nd6+ Qxd6 31. Qxd6 Rxe1 32. Kb2 Rfe5
33. Qd7+ Re7 34. Qd5+ Kf8 0-1

[Event "Let's Play Chess!"]
[Site "http://www.queenalice.com/game.php?id=524709"]
[Date "2009.1.19"]
[Round "-"]
[White "filomenos"]
[Black "Olar"]
[Result "1-0"]
[WhiteElo "1922"]
[BlackElo "1901"]

1. d4 Nf6 2. Nf3 e6 3. g3 b5 4. Bg2 Bb7 5. a3 c5 6. O-O Na6 7. Bg5 Be7 8. Qd3 c4
9. Qd1 O-O 10. c3 Bxf3 11. Bxf3 d5 12. Bxf6 Bxf6 13. Nd2 Nc7 14. Re1 Ne8 15. e4
dxe4 16. Nxe4 Be7 17. Qd2 Nf6 18. Nxf6+ Bxf6 19. Bxa8 Qxa8 20. Re2 Rd8 21. Qf4
Qd5 22. Qc7 a6 23. Rae1 Qf3 24. Qb6 Qa8 25. Qc7 h6 26. Re4 Kh7 27. Qxf7 Re8 28.
Rxe6 Rf8 29. Qd7 Qf3 30. Rxa6 Bxd4 31. Qxd4 1-0

[Event "Challenge"]
[Site "http://www.queenalice.com/game.php?id=531335"]
[Date "2009.1.29"]
[Round "-"]
[White "Olar"]
[Black "dotromundo"]
[Result "0-1"]
[WhiteElo "1856"]
[BlackElo "1870"]

1. e4 e5 2. Nf3 d5 3. exd5 Bd6 4. Nc3 a6 5. d4 exd4 6. Qxd4 f6 7. Bd3 Ne7 8. O-O
O-O 9. Re1 Nd7 10. Nh4 Bc5 11. Qe4 f5 12. Nxf5 Nxf5 13. Qg4 Bxf2+ 14. Kh1 Bxe1
15. Bxf5 Nf6 16. Qf3 Qe8 17. Bxc8 Rxc8 18. Bf4 Nh5 19. g3 Bd2 20. d6 Bxf4 21.
Qd5+ Qf7 22. Qxf7+ Rxf7 23. gxf4 cxd6 24. Rd1 Rxf4 25. Rxd6 Rf1+ 26. Kg2 Rcf8
27. Rd2 g5 28. Kh3 Rg1 29. Rg2 Nf4+ 0-1

[Event "Challenge"]
[Site "http://www.queenalice.com/game.php?id=532990"]
[Date "2009.2.1"]
[Round "-"]
[White "JCOELHO"]
[Black "Olar"]
[Result "0-1"]
[WhiteElo "1888"]
[BlackElo "1808"]

1. e4 c5 2. d4 cxd4 3. Qxd4 Nc6 4. Qa4 d6 5. Nc3 Nf6 6. Bg5 Bd7 7. O-O-O e6 8.
Nf3 Be7 9. Bb5 a6 10. Be2 Qb6 11. Be3 Qc7 12. Ng5 d5 13. exd5 Ne5 14. Qd4 exd5
15. f4 Nc6 16. Qd3 O-O 17. Bh5 d4 18. Bxd4 Qxf4+ 19. Be3 Qe5 20. Nce4 Nxh5 21.
Nc5 Bxg5 22. Bxg5 Qxg5+ 23. Rd2 Qxc5 24. Qxd7 Rad8 25. Qxb7 Rxd2 26. Kxd2 Qg5+
27. Kc3 Qe3+ 28. Kc4 Na5+ 29. Kb4 Nxb7 30. a4 Nd6 31. c4 Rb8+ 32. Ka5 Qb6# 0-1

[Event "Challenge"]
[Site "http://www.queenalice.com/game.php?id=532991"]
[Date "2009.2.1"]
[Round "-"]
[White "Olar"]
[Black "JCOELHO"]
[Result "0-1"]
[WhiteElo "1864"]
[BlackElo "1872"]

1. d4 d5 2. c4 Nf6 3. cxd5 Qxd5 4. Nc3 Qa5 5. Bd2 e5 6. dxe5 Qxe5 7. Nf3 Qh5 8.
e4 Nc6 9. Bc4 Be6 10. Bxe6 fxe6 11. Qb3 O-O-O 12. Qxe6+ Kb8 13. O-O Nd4 14. Nxd4
Rxd4 15. Be3 Rd6 16. Qb3 Ng4 17. Bf4 Rf6 18. Bg3 Rb6 19. Qd1 Bd6 20. h3 Bxg3 21.
fxg3 Qc5+ 22. Kh1 Nf2+ 23. Rxf2 Qxf2 24. Na4 Rd6 25. Qb3 Rhd8 0-1

[Event "Let's Play Chess!"]
[Site "http://www.queenalice.com/game.php?id=536426"]
[Date "2009.2.7"]
[Round "-"]
[White "Olar"]
[Black "PotatoHead"]
[Result "0-1"]
[WhiteElo "1827"]
[BlackElo "1934"]

1. e4 c5 2. Nf3 Nc6 3. c3 d5 4. exd5 Qxd5 5. Bb5 Bg4 6. d4 cxd4 7. Qxd4 Bxf3 8.
gxf3 Qxb5 9. Qe4 Nf6 10. Qc2 g6 11. Be3 Bg7 12. Na3 Qh5 13. Qe2 Ne5 14. O-O-O
O-O 15. Nc2 Qxf3 16. Qxf3 Nxf3 17. Nd4 Nxd4 18. Bxd4 Ne4 19. f3 Bxd4 20. Rxd4
Nd6 21. Re1 Nf5 22. Rd7 b5 0-1

[Event "Let's Play Chess!"]
[Site "http://www.queenalice.com/game.php?id=536427"]
[Date "2009.2.7"]
[Round "-"]
[White "PotatoHead"]
[Black "Olar"]
[Result "1-0"]
[WhiteElo "1894"]
[BlackElo "1875"]

1. e4 c6 2. d4 d5 3. e5 Bf5 4. Nf3 e6 5. Be2 c5 6. Be3 Nc6 7. dxc5 Bxc5 8. Bxc5
Qa5+ 9. b4 Nxb4 10. Bxb4 Qxb4+ 11. Qd2 Qb2 12. Qc3 Qxc2 13. Qxc2 Bxc2 14. Nc3
Ne7 15. Bb5+ Nc6 16. Nd4 1-0

[Event "Let's Play Chess!"]
[Site "http://www.queenalice.com/game.php?id=536937"]
[Date "2009.2.9"]
[Round "-"]
[White "Olar"]
[Black "traub"]
[Result "0-1"]
[WhiteElo "1868"]
[BlackElo "1920"]

1. e4 e5 2. Nf3 Nc6 3. Bb5 a6 4. Ba4 Nf6 5. O-O Be7 6. Re1 b5 7. Bb3 d6 8. c3
O-O 9. d4 Bg4 10. Bg5 exd4 11. cxd4 Bxf3 12. Qxf3 Nxd4 13. Qd3 Nxb3 14. Qxb3 c5
15. Nd2 c4 16. Qf3 Re8 17. Re2 Nd7 18. Bf4 Bf6 19. Rb1 Nc5 20. Qg3 d5 21. e5 Bh4
22. Qh3 Nd3 23. Bg3 Bxg3 24. Qxg3 Qe7 25. Nf3 Nc5 26. Rd1 Ne4 27. Qf4 Rad8 28.
Rd4 f6 29. exf6 gxf6 30. Re1 Kh8 31. Red1 Ng5 32. Kf1 Ne6 33. Qe3 Nxd4 34. Qxd4
Qe2+ 35. Kg1 Re6 36. h3 Qe4 37. Qxe4 Rxe4 38. Kf1 d4 0-1

[Event "Let's Play Chess!"]
[Site "http://www.queenalice.com/game.php?id=536939"]
[Date "2009.2.9"]
[Round "-"]
[White "Olar"]
[Black "bruno_borges"]
[Result "0-1"]
[WhiteElo "1814"]
[BlackElo "2061"]

1. d4 Nf6 2. c4 e6 3. Nf3 Bb4+ 4. Nc3 c5 5. a3 Bxc3+ 6. bxc3 Nc6 7. Bg5 h6 8.
Bh4 g5 9. Bg3 Ne4 10. Be5 Nxe5 11. Nxe5 Nxc3 12. Qd3 cxd4 13. Qxd4 Qa5 14. Nf3
Ne4+ 15. Nd2 Nxd2 16. Qxd2 Qxd2+ 17. Kxd2 b6 18. f3 Ba6 19. e4 Rc8 20. Rc1 Ke7
21. Bd3 Rc7 22. Rc3 Rhc8 23. Rhc1 Rc5 24. a4 Bb7 25. g4 Bc6 26. Bc2 Ra5 27. Ra3
d6 28. Bb3 f6 29. Rc2 Be8 30. Kd3 h5 31. h3 Bg6 32. Rh2 d5 33. cxd5 exd5 34. Ke3
Rc3+ 35. Ke2 d4 36. Rh1 b5 37. Rb1 b4 38. Ra2 Rac5 39. Rd1 Rxb3 0-1

[Event "Let's Play Chess!"]
[Site "http://www.queenalice.com/game.php?id=536940"]
[Date "2009.2.9"]
[Round "-"]
[White "bruno_borges"]
[Black "Olar"]
[Result "0-1"]
[WhiteElo "2070"]
[BlackElo "1842"]

1. e4 c5 2. Nf3 d6 3. Bb5+ Nc6 4. d4 a6 5. Bxc6+ bxc6 6. O-O cxd4 7. Nxd4 c5 8.
Nf3 Bg4 9. h3 Bh5 10. e5 d5 11. Nc3 e6 12. Qd3 Ne7 13. Bg5 Qb8 14. Rab1 Nc6 15.
Rfe1 Bxf3 16. Qxf3 Nxe5 17. Qe2 Bd6 18. f4 Nc6 19. f5 O-O 20. fxe6 d4 21. Nd5 f6
22. Bd2 Ra7 23. Qg4 Ne7 24. Nxe7+ Rxe7 25. c3 Be5 26. cxd4 cxd4 27. a3 Rfe8 28.
Bb4 Rxe6 29. Kh1 Rc6 30. Qe4 Rec8 31. Qd5+ Kh8 32. Ba5 Rc5 0-1

[Event "Challenge"]
[Site "http://www.queenalice.com/game.php?id=540797"]
[Date "2009.2.15"]
[Round "-"]
[White "Josecarlos"]
[Black "Olar"]
[Result "1-0"]
[WhiteElo "1998"]
[BlackElo "1837"]

1. c4 e6 2. d4 Nf6 3. Nc3 Bb4 4. Bd2 d5 5. c5 O-O 6. a3 Bxc3 7. Bxc3 b6 8. e3
Nc6 9. Bd3 a5 10. a4 Ba6 11. Nf3 Qe7 12. Qe2 Bxd3 13. Qxd3 Ne4 14. O-O bxc5 15.
Qb5 Nxc3 16. bxc3 Qd7 17. Qxc5 Rfb8 18. h4 Ra6 19. Rfe1 Rab6 20. Nd2 Qd8 21. g3
g6 22. e4 Qf6 23. exd5 exd5 24. Qxd5 Rb2 25. Re2 Rc2 26. Rae1 Rbb2 27. Ne4 Qe6
28. Qxe6 fxe6 29. Nf6+ Kf7 30. Rxc2 Rxc2 31. Nxh7 Ke7 32. d5 Nd8 33. Ng5 Rxc3
34. Nxe6 Rd3 35. Nc5+ 1-0

[Event "Challenge"]
[Site "http://www.queenalice.com/game.php?id=540799"]
[Date "2009.2.15"]
[Round "-"]
[White "Olar"]
[Black "Josecarlos"]
[Result "1-0"]
[WhiteElo "1832"]
[BlackElo "1971"]

1. e4 e5 2. Nf3 Nf6 3. d4 Nxe4 4. Bd3 d5 5. Nxe5 Qf6 6. Qe2 Nc6 7. Nxc6 Qxc6 8.
O-O Bf5 9. f3 O-O-O 10. fxe4 Bg6 11. Nd2 a6 12. c3 Re8 13. e5 f6 14. Qg4+ Re6
15. Bf5 Bxf5 16. Qxf5 g6 17. Qh3 fxe5 18. Rf6 Kd7 19. Nf3 Ke8 20. Rxe6+ 1-0

[Event "Challenge"]
[Site "http://www.queenalice.com/game.php?id=545508"]
[Date "2009.2.23"]
[Round "-"]
[White "Olar"]
[Black "blackwolf"]
[Result "1-0"]
[WhiteElo "1841"]
[BlackElo "1774"]

1. e4 c5 2. Nf3 d6 3. d4 cxd4 4. Nxd4 Nf6 5. Nc3 a6 6. f3 e5 7. Nb3 Be6 8. Be3
Be7 9. Bd3 O-O 10. Qd2 d5 11. exd5 Nxd5 12. Nxd5 Bxd5 13. O-O-O Bxb3 14. cxb3
Nc6 15. Kb1 Rc8 16. Qf2 Qa5 17. Bd2 Bb4 18. Qh4 g6 19. Bh6 Rfe8 20. Qf6 Bf8 21.
Bd2 Bb4 22. Bc4 Rf8 23. Bh6 1-0

[Event "Challenge"]
[Site "http://www.queenalice.com/game.php?id=545816"]
[Date "2009.2.24"]
[Round "-"]
[White "breizhil"]
[Black "Olar"]
[Result "0-1"]
[WhiteElo "1776"]
[BlackElo "1827"]

1. e4 c6 2. c4 d5 3. Nc3 dxe4 4. Nxe4 Bf5 5. f3 Nd7 6. d3 Ngf6 7. Qb3 Qc7 8. Be3
e6 9. Ne2 Nxe4 10. fxe4 Bg6 11. O-O-O Be7 12. h4 h6 13. Nf4 Bh7 14. Nh5 O-O 15.
Qc3 e5 16. g4 Nf6 17. Nxf6+ Bxf6 18. g5 hxg5 19. Bxg5 Qe7 20. Rg1 Bg6 21. Be2
Rfd8 22. Qd2 Rd4 23. Rg3 Bxe4 24. Bxf6 Qxf6 25. h5 Rad8 26. Qe3 Bh7 27. Rf1 Qd6
28. Qf3 Rxc4+ 29. dxc4 Qd2# 0-1

[Event "Challenge"]
[Site "http://www.queenalice.com/game.php?id=551328"]
[Date "2009.3.6"]
[Round "-"]
[White "KennyB"]
[Black "Olar"]
[Result "1/2-1/2"]
[WhiteElo "1836"]
[BlackElo "1840"]

1. e4 c5 2. Nf3 d6 3. d4 cxd4 4. Nxd4 Nf6 5. Nc3 a6 6. Bd3 g6 7. Bg5 Nbd7 8. Qd2
Bg7 9. O-O O-O 10. Rfe1 Ne8 11. Nf3 Ne5 12. Nxe5 Bxe5 13. Bh6 Ng7 14. h3 Be6 15.
a3 Rc8 16. Rad1 Qd7 17. Nd5 Rc6 18. c4 Rfc8 19. b3 Kf8 20. Re2 Bxh3 21. Bxg7+
Kxg7 22. gxh3 Qxh3 23. f4 Bd4+ 24. Ne3 Qg3+ 25. Kh1 Qh3+ 26. Kg1 Qg3+ 27. Kh1
Qh3+ 1/2-1/2

[Event "Challenge"]
[Site "http://www.queenalice.com/game.php?id=553359"]
[Date "2009.3.9"]
[Round "-"]
[White "Nyvang"]
[Black "Olar"]
[Result "0-1"]
[WhiteElo "1813"]
[BlackElo "1854"]

1. d4 Nf6 2. Bg5 e6 3. e4 h6 4. Bxf6 Qxf6 5. e5 Qd8 6. a3 d6 7. Nf3 c5 8. d5 Qc7
9. exd6 Qxd6 10. Bc4 Qb6 11. b3 Be7 12. Nc3 O-O 13. O-O exd5 14. Nxd5 Qd8 15. h3
Bf5 16. Re1 Bd6 17. Ne3 Bg6 18. Ng4 Qc7 19. Nfe5 Bh7 20. Bd3 Nd7 21. Bxh7+ Kxh7
22. Nxd7 Qxd7 23. Qd3+ Kg8 24. Rad1 Rad8 25. Qc3 b6 26. Re4 f5 27. Ne5 Bxe5 28.
Qc4+ Qf7 29. Rxd8 fxe4 30. Qxf7+ Kxf7 31. Rd7+ Ke6 32. Rxg7 Bxg7 0-1

[Event "Challenge"]
[Site "http://www.queenalice.com/game.php?id=554451"]
[Date "2009.3.11"]
[Round "-"]
[White "leokhine"]
[Black "Olar"]
[Result "0-1"]
[WhiteElo "1778"]
[BlackElo "1876"]

1. e4 e5 2. Nf3 Nc6 3. Bc4 Bc5 4. c3 Nf6 5. h3 Nxe4 6. d4 exd4 7. cxd4 Nxd4 8.
Nxd4 Qf6 9. Be3 Bb4+ 10. Kf1 Ng3+ 11. Kg1 Nxh1 12. Kxh1 O-O 13. Kg1 b6 14. Qb3
Bc5 15. Qc3 Bb7 16. Nd2 Rae8 17. b4 Qg6 18. g3 Bd6 19. Bd3 Qf6 20. Rf1 Re5 21.
Qc2 Rh5 22. Kh2 Re8 23. a3 Ree5 24. Re1 Rxe3 0-1

[Event "Challenge"]
[Site "http://www.queenalice.com/game.php?id=558006"]
[Date "2009.3.18"]
[Round "-"]
[White "Olar"]
[Black "stephane8cr"]
[Result "0-1"]
[WhiteElo "1854"]
[BlackElo "1914"]

1. e4 d6 2. d4 Nf6 3. Nc3 g6 4. Nf3 Bg7 5. Bc4 Nc6 6. a3 Bg4 7. Be3 e5 8. dxe5
Nxe5 9. Bb3 Bxf3 10. gxf3 Nh5 11. Ne2 Nxf3+ 12. Kf1 Qh4 13. h3 Qxe4 14. Qd5 Qxd5
15. Bxd5 Ne5 16. Rb1 c6 17. Bb3 O-O 18. Bd2 Rfe8 19. Bc3 Re7 20. Re1 Rae8 21.
Rg1 Nf3 0-1

[Event "Challenge"]
[Site "http://www.queenalice.com/game.php?id=558471"]
[Date "2009.3.19"]
[Round "-"]
[White "KennyB"]
[Black "Olar"]
[Result "1-0"]
[WhiteElo "1862"]
[BlackElo "1854"]

1. e4 c5 2. Nf3 d6 3. d4 cxd4 4. Nxd4 Nf6 5. Nc3 a6 6. Bd3 e6 7. Bg5 Be7 8. O-O
Nc6 9. Nxc6 bxc6 10. Re1 O-O 11. e5 dxe5 12. Rxe5 Rb8 13. Qf3 Bb7 14. Qh3 g6 15.
Qh4 Qc7 16. Bxf6 Qxe5 17. Bxe5 Bxh4 18. Bxb8 Rxb8 19. Rd1 Rd8 20. Kf1 c5 21. g3
Be7 22. Ke2 Bf6 23. Na4 Be7 24. Nb6 Rd6 25. Nc4 Rd8 26. Ne3 Bf6 27. Ng4 Bxb2 28.
Rb1 1-0

[Event "Challenge"]
[Site "http://www.queenalice.com/game.php?id=560660"]
[Date "2009.3.24"]
[Round "-"]
[White "Olar"]
[Black "marcet"]
[Result "1-0"]
[WhiteElo "1858"]
[BlackElo "1912"]

1. e4 e6 2. d4 d5 3. Nc3 c5 4. exd5 exd5 5. Nf3 Bg4 6. Be2 Nc6 7. dxc5 Bxc5 8.
O-O Nf6 9. Re1 O-O 10. Bg5 Qd6 11. Bxf6 Qxf6 12. Qxd5 Be7 13. Qd1 Rad8 14. Qc1
Nd4 15. Nxd4 Qxd4 16. Bxg4 Bc5 17. Ne4 Bb6 18. Qf4 Rde8 19. Bf3 f5 20. Rad1 fxe4
21. Qxf8+ Kxf8 22. Rxd4 Bxd4 23. c3 exf3 24. Rxe8+ Kxe8 25. cxd4 fxg2 26. Kxg2
Kd7 27. Kf3 g5 28. Ke4 Kd6 29. b4 Kc6 30. a4 b5 31. a5 Kd6 32. h3 h6 33. a6 h5
34. f3 1-0

[Event "Challenge"]
[Site "http://www.queenalice.com/game.php?id=562907"]
[Date "2009.3.28"]
[Round "-"]
[White "Nyvang"]
[Black "Olar"]
[Result "0-1"]
[WhiteElo "1782"]
[BlackElo "1840"]

1. b3 e5 2. Bb2 Nc6 3. g3 d5 4. Bg2 Nf6 5. d4 Bd6 6. Nh3 exd4 7. Bxd4 Nxd4 8.
Qxd4 c6 9. O-O Qe7 10. Qd3 Be5 11. c3 Ne4 12. Bxe4 dxe4 13. Qxe4 Bxh3 14. Rd1
O-O 15. Rd3 Bd7 16. Re3 Rfe8 17. Nd2 Qf6 18. Qc4 Be6 19. Ne4 Bxc4 20. Nxf6+ Bxf6
0-1

[Event "Challenge"]
[Site "http://www.queenalice.com/game.php?id=581707"]
[Date "2009.5.3"]
[Round "-"]
[White "joey30"]
[Black "Olar"]
[Result "1-0"]
[WhiteElo "1950"]
[BlackElo "1888"]

1. e4 c5 2. Nf3 d6 3. Bc4 Bg4 4. h3 Bh5 5. c3 Nc6 6. d3 Nf6 7. Be3 e6 8. g4 Bg6
9. O-O Be7 10. Nbd2 O-O 11. Nh2 d5 12. Bb3 dxe4 13. dxe4 Nxe4 14. Nxe4 Bxe4 15.
Qe2 Qc7 16. Rad1 Rfd8 17. Bxc5 Bxc5 18. Qxe4 Ne7 19. Bc2 Ng6 20. Nf3 Qg3+ 21.
Kh1 Qxh3+ 22. Nh2 Rxd1 23. Rxd1 Bxf2 24. Qf3 Qxf3+ 25. Nxf3 a6 26. Bxg6 hxg6 27.
Kg2 Bc5 28. b4 Be7 29. Rd7 Bf6 30. c4 b5 31. c5 a5 32. g5 Bc3 33. c6 axb4 34. c7
Rxa2+ 35. Kh3 Ra8 36. Rd8+ 1-0